Berichte, Denkschriften und Verhandlungen des fünften Internationalen Kongresses für Versicherungs-Wissenschaft vom 10. bis 15. September 1906
Gespeichert in:
| Format: | Buch |
|---|---|
| Sprache: | Deutsch |
| Veröffentlicht: |
Berlin
Mittler und Sohn
1906
|
| Tags: |
Keine Tags, Fügen Sie das erste Tag hinzu!
|
MARC
| LEADER | 00000nam a2200000 4500 | ||
|---|---|---|---|
| 001 | 0312555 | ||
| 005 | 20251002090642.1 | ||
| 041 | 0 | |a ger | |
| 044 | |a DE | ||
| 245 | 1 | 0 | |a Berichte, Denkschriften und Verhandlungen des fünften Internationalen Kongresses für Versicherungs-Wissenschaft vom 10. bis 15. September 1906 |c Alfred Manes |
| 264 | 1 | |a Berlin |b Mittler und Sohn |c 1906 | |